|
|
|
|
| LEADER |
00860cam a2200241 7i4500 |
| 001 |
0000061467 |
| 005 |
20210901090000.0 |
| 020 |
|
|
|a 9781466563094 (electronic book)
|
| 090 |
0 |
0 |
|a TJ900
|b .V65 2014
|
| 100 |
1 |
|
|a Volk, Michael
|
| 245 |
1 |
0 |
|a Pump characteristics and applications
|c Michael Volk.
|
| 250 |
|
|
|a Third edition.
|
| 264 |
|
|
|a Boca Raton, FL:
|b CRC Press,
|c 2014.
|
| 300 |
|
|
|a 1 online resource (339 pages):
|b illustrations, text file, PDF.
|
| 336 |
|
|
|a text
|2 rdacontent
|
| 337 |
|
|
|a computer
|2 rdamedia
|
| 338 |
|
|
|a online resource
|2 rdacarrier
|
| 650 |
|
0 |
|a Pumping machinery
|
| 655 |
|
0 |
|a Electronic books
|
| 856 |
4 |
2 |
|u http://library.unisel.edu.my/web/guest/mylibrary
|
| 997 |
|
|
|a Engineering & Life Sciences, Faculty
|b Engineering, Department
|
| 998 |
|
|
|a Mechanical Engineering, Degree
|
| 999 |
|
|
|a EBO0006703
|b EBOOK
|c EBOOK
|e Electronic resources
|